Survey of Experiences in Profit Sharing and Possibilities of Incentive Taxation : Report of the Subcommittee of the Committee on Finance United States Senate : Pursuant to S. Res. 215 : A Resolution Providing for an Investigation of Existing Profit-Sharing… /

Gespeichert in:
Bibliographische Detailangaben
1. Verfasser: EUA. United States Congress : (76° Congress : 1939-1941)
Format: Buch
Sprache:Englisch
Veröffentlicht: Washington, EUA : Government Printing Office, 1939
Tags: Tag hinzufügen
Keine Tags, Fügen Sie das erste Tag hinzu!

MARC

LEADER 00000nam^a2200000^a^4500
001 000442769
005 20250526000000.0
009 20260310123435.708
037 |a Acervo ITESO - Biblioteca 
041 |a ING 
091 |a FHM. 10768 
100 |a EUA.  |b United States Congress : (76° Congress : 1939-1941) 
245 1 0 |a Survey of Experiences in Profit Sharing and Possibilities of Incentive Taxation :  |b Report of the Subcommittee of the Committee on Finance United States Senate : Pursuant to S. Res. 215 : A Resolution Providing for an Investigation of Existing Profit-Sharing… / 
264 1 |a Washington, EUA :  |b Government Printing Office,  |c 1939 
300 |a VII, 351 p. ;  |c 23.5 cm. 
336 |a texto  |b txt  |2 rdacontenido 
337 |a sin mediación  |b n  |2 rdamedio 
338 |a volumen  |b nc  |2 rdasoporte 
649 |a XX 
910 |a Fondo Hugo B. Margáin 
920 |a Impresos - Libros 
930 |a Libros Antiguos y Raros 
905 |a 126 
901 |a 0500301044  |b IT2  |c LRA  |i D120127  |u 20250526 
902 |a https://opac.biblio.iteso.mx/vufind/Record/000442769